រុក្ខជាតិនៅកម្ពុជាំ (Record no. 9767)

000 -LEADER
fixed length control field 00282nam a22001217a 4500
040 ## - CATALOGING SOURCE
Transcribing agency SY
082 ## - DEWEY DECIMAL CLASSIFICATION NUMBER
Classification number 581
100 ## - MAIN ENTRY--AUTHOR NAME
Personal name ប៊ែរ ណា
245 ## - TITLE STATEMENT
Title រុក្ខជាតិនៅកម្ពុជាំ
260 ## - PUBLICATION, DISTRIBUTION, ETC. (IMPRINT)
Place of publication RUA
Name of publisher ប៊ែរ
Year of publication 1985
300 ## - PHYSICAL DESCRIPTION
Number of Pages 79p.
942 ## - ADDED ENTRY ELEMENTS (KOHA)
Koha item type សៀវភៅភាសាអង់គ្លេស
952 ## - LOCATION AND ITEM INFORMATION (KOHA)
Withdrawn status [LOCAL, KOHA] 0
Holdings
Permanent Location Date acquired Koha item type Lost status Shelving location Barcode Current Location Full call number
Library Block C2016-09-09សៀវភៅភាសាអង់គ្លេស C166RUA045710Library Block C581 ប៊ែរ 1985 C166
មជ្ឈមណ្ឌលឯការនៃសាកលវិទ្យាល័យភូមិន្ទកសិកម្មចំការដូង

Powered by Koha